000 00433nam a2200157 a 4500
001 000009775
005 20200929161712.0
008 091001s1998 sp a 000 0 spa d
040 _aDO-SdBNP
082 _axxx
_bL979p
245 0 3 _aLa luz en la pintura /
_cPrólogo Antonio Gala.
260 _aBarcelona :
_bCarroggio,
_c1998.
300 _a126 p. :
_bil. ;
_c32 cm.
500 _aIncluye notas al pie de las páginas
049 _aBNPD
999 _c9535
_d9535